Physics for scientists and engineers: a strategic approach (Record no. 53606)

MARC details
000 -LEADER
fixed length control field 00710nam a2200181 a 4500
008 - FIXED-LENGTH DATA ELEMENTS--GENERAL INFORMATION
fixed length control field 081223s2008 ||||||||||||||||| || u
020 ## - INTERNATIONAL STANDARD BOOK NUMBER
International Standard Book Number 0321513576
050 ## - LIBRARY OF CONGRESS CALL NUMBER
Classification number QC 32 Kni
100 ## - MAIN ENTRY--PERSONAL NAME
Personal name Knight, Randall Dewey
245 10 - TITLE STATEMENT
Title Physics for scientists and engineers: a strategic approach
Statement of responsibility, etc. Randall D. Knight
260 ## - PUBLICATION, DISTRIBUTION, ETC.
Place of publication, distribution, etc. San Francisco:
Name of publisher, distributor, etc. Pearson Addison Wesley
Date of publication, distribution, etc. 2008
300 ## - PHYSICAL DESCRIPTION
Extent various pagings.: ill.
350 ## - PRICE (NR) (BK AM CF MU VM SE) [OBSOLETE]
Price 0.00
500 ## - GENERAL NOTE
General note Student workbook with modern physics.
650 #0 - SUBJECT ADDED ENTRY--TOPICAL TERM
Topical term or geographic name entry element PHYSICS
650 ## - SUBJECT ADDED ENTRY--TOPICAL TERM
Topical term or geographic name entry element PHYSICS--STUDY AND TEACHING
995 ## - RECOMMENDATION 995 [LOCAL, UNIMARC FRANCE]
-- 0.00
-- CBU-MAIN LIBRARY (Kitwe)
-- 1
-- 0.00
-- 1
-- AVAILABLE
-- Feb 16, 2009
-- Main Library Open Access Collection
Holdings
Withdrawn status Lost status Source of classification or shelving scheme Damaged status Not for loan Home library Current library Shelving location Date acquired Total Checkouts Full call number Barcode Date last seen Price effective from Koha item type
          CBU-MAIN LIBRARY, KITWE. CBU-MAIN LIBRARY, KITWE.   11/30/2022   QC 32 Kni 739543 11/30/2022 11/30/2022 MONOGRAPH